Southville International School and Colleges
Your cart is empty.
  • Cart
  • Lists
    Public lists Eva Luna New books Lux_list list_1
    Your lists Log in to create your own lists
  • Log in to your account
  • Your cookies
  • Search history
Southville International School and Colleges
  • Advanced search
  • Recent comments
  • Most popular
  • Libraries

Log in to your account

Log in with GOOGLE


If you do not have an external account, but do have a local account, you can still log in:

  1. Home
  2. MARC view: Riches to rags :
Normal view MARC view ISBD view

Riches to rags : (Record no. 8540)

[ view plain ]
MARC details
000 -LEADER
fixed length control field 00960pam a2200313 a 4500
001 - CONTROL NUMBER
control field 3313371
003 - CONTROL NUMBER IDENTIFIER
control field SISC
005 - DATE AND TIME OF LATEST TRANSACTION
control field 20160406124237.0
008 - FIXED-LENGTH DATA ELEMENTS--GENERAL INFORMATION
fixed length control field 840321s1984 mau 000 0 eng
010 ## - LIBRARY OF CONGRESS CONTROL NUMBER
LC control number 84005406
020 ## - INTERNATIONAL STANDARD BOOK NUMBER
International Standard Book Number 0870735144
020 ## - INTERNATIONAL STANDARD BOOK NUMBER
International Standard Book Number 0870735152 (pbk.)
040 ## - CATALOGING SOURCE
Original cataloging agency DLC
Transcribing agency DLC
Modifying agency DLC
043 ## - GEOGRAPHIC AREA CODE
Geographic area code n-us---
050 00 - LIBRARY OF CONGRESS CALL NUMBER
Classification number HC 110.W3
Item number .D68 1984
082 00 - DEWEY DECIMAL CLASSIFICATION NUMBER
Classification number HS 330.973
Item number D75 1984
100 1# - MAIN ENTRY--PERSONAL NAME
Personal name Dovring, Folke
9 (RLIN) 10138
245 10 - TITLE STATEMENT
Title Riches to rags :
Remainder of title the political economy of social waste /
Statement of responsibility, etc Folke Dovring.
260 ## - PUBLICATION, DISTRIBUTION, ETC. (IMPRINT)
Place of publication, distribution, etc Cambridge, Mass. :
Name of publisher, distributor, etc Schenkman Pub. Co.,
Date of publication, distribution, etc c1984.
300 ## - PHYSICAL DESCRIPTION
Extent 171 p. ;
Dimensions 22 cm.
650 #0 - SUBJECT ADDED ENTRY--TOPICAL TERM
Topical term or geographic name as entry element Waste (Economics)
Geographic subdivision United States.
9 (RLIN) 10139
651 #0 - SUBJECT ADDED ENTRY--GEOGRAPHIC NAME
Geographic name United States
General subdivision Economic conditions
Chronological subdivision 1981-2001.
9 (RLIN) 10140
651 #0 - SUBJECT ADDED ENTRY--GEOGRAPHIC NAME
Geographic name United States
General subdivision Social conditions
Chronological subdivision 1980-
9 (RLIN) 10141
740 0# - ADDED ENTRY--UNCONTROLLED RELATED/ANALYTICAL TITLE
Uncontrolled related/analytical title Social waste.
906 ## - LOCAL DATA ELEMENT F, LDF (RLIN)
a 7
b cbc
c orignew
d 1
e ocip
f 19
g y-gencatlg
942 ## - ADDED ENTRY ELEMENTS (KOHA)
Source of classification or shelving scheme Library of Congress Classification
Koha item type Books
Holdings
Withdrawn status Lost status Source of classification or shelving scheme Damaged status Home library Current library Shelving location Date acquired Total Checkouts Full call number Barcode Date last seen Copy number Price effective from Koha item type
    Library of Congress Classification   Luxembourg Library Luxembourg Library High School Section 08/14/2013   HC 110.W3 .D68 1984 9092 08/14/2013 1 08/14/2013 Books
    Library of Congress Classification   Luxembourg Library Luxembourg Library High School Section 08/14/2013   HC 110.W3 .D68 1984 9093 04/06/2016 2 08/14/2013 Books

Riches to rags :

APA

Dovring F., . (1984). Riches to rags. Cambridge, Mass: Schenkman Pub. Co.

Chicago

Dovring Folke, . 1984. Riches to rags. Cambridge, Mass: Schenkman Pub. Co.

Harvard

Dovring F., . (1984). Riches to rags. Cambridge, Mass: Schenkman Pub. Co.

MLA

Dovring Folke, . Riches to rags. Cambridge, Mass: Schenkman Pub. Co. 1984.

  • Place hold
  • Print
  • Cite
  • Add to your cart (remove)
  • Save record
    BIBTEX Dublin Core MARCXML MARC (non-Unicode/MARC-8) MARC (Unicode/UTF-8) MARC (Unicode/UTF-8, Standard) MODS (XML) RIS
  • More searches
    Search for this title in:
    Other Libraries (WorldCat) Other Databases (Google Scholar) Online Stores (Bookfinder.com) Open Library (openlibrary.org)

Exporting to Dublin Core...

SOUTHVILLE LIBRARY

Southville International School and Colleges Library

1281 Tropical Ave. Cor. Luxembourg St., BF Homes International, Las Pinas City

Tel. No. 8256374 / 252358 Loc. 117/146

Powered by Koha